| 000 | 008420000a22002170004500 | ||
|---|---|---|---|
| 003 | dpl | ||
| 005 | 20081029154931.0 | ||
| 008 | 081029t xxu||||| |||| 00| 0 eng d | ||
| 010 | _aENG-84629 | ||
| 020 |
_a8173046883 _c795.00 (hb) |
||
| 035 | _aEN-68162 | ||
| 040 | _cdpl | ||
| 082 | _a954.021 | ||
| 100 | _aSiddiqui, Iqtidar Husain | ||
| 245 |
_aAuthority and kingship under the sultans of Delhi: _b(thirteenth-fourteenth centuries) / _cby Iqtidar Husain Siddiqui |
||
| 260 |
_aNew Delhi _bManohar Publishers and Distributors _c2006 |
||
| 300 |
_a322p _c22cm |
||
| 500 | _aIncludes bibliographical references and index | ||
| 942 |
_2ddc _cEN _h954.021 _mSID |
||
| 999 |
_c17933 _d17933 |
||